000 00382nam a2200157Ia 4500
005 20250421141117.0
008 231217s9999 xx 000 0 und d
020 _a9788126120413
082 _a370 TAR;1 R
100 _aTara Chand.
245 0 _aEducational technology
260 _c1990
_bAnmol Publ.
_aNew Delhi
300 _avi, 416
650 _aEducational
942 _cAA
999 _c194078
_d194078